[Event "Oslo Sveins op 6th"]
[Site "Oslo"]
[Date "2013.06.23"]
[Round "4"]
[White "Gonzalez, Francisco Silva"]
[Black "Rodvik, Trym Daniel"]
[Result "1-0"]
[WhiteElo "2050"]
[BlackElo "1891"]
[PlyCount "119"]
[EventDate "2013.06.21"]
[EventType "swiss"]
[EventRounds "9"]
[EventCountry "NOR"]
[SourceTitle "CBM 155 Extra"]
[Source "ChessBase"]
[SourceDate "2013.08.26"]
[SourceVersion "1"]
[SourceVersionDate "2013.08.26"]
[SourceQuality "1"]

1. d4 Nf6 2. c4 g6 3. Nc3 Bg7 4. e4 0-0 5. f4 d6 6. Be2 c5 7. d5 e6 8. Nf3 exd5 9. cxd5 Re8 10. e5 dxe5 11. fxe5 Ng4 12. Bg5 Qa5 13. 0-0 Nxe5 14. Nxe5 Bxe5 15. Bc4 Qb4 16. Qf3 Bf5 17. g4 Qxc4 18. gxf5 f6 19. fxg6 hxg6 20. Bxf6 Qd4+ 21. Rf2 Bxf6 22. Qxf6 Qxf6 23. Rxf6 Nd7 24. Rxg6+ Kh7 25. Rg3 Rg8 26. Re1 Rae8 27. Re4 Rxg3+ 28. hxg3 Rxe4 29. Nxe4 Kg6 30. g4 b5 31. d6 c4 32. Kf2 Kf7 33. g5 Kg6 34. Ke3 Kf5 35. Kd4 a6 36. Nc5 Ne5 37. Kd5 Nf7 38. d7 Kxg5 39. Ne6+ Kg4 40. d8Q Nxd8 41. Nxd8 Kf3 42. Kd4 Ke2 43. Kc3 Ke3 44. Nc6 Ke4 45. Nb8 a5 46. Nc6 Kd5 47. Nxa5 Kc5 48. a3 b4+ 49. axb4+ Kb5 50. Nxc4 Kc6 51. Na3 Kb6 52. Kd4 Ka6 53. Kd5 Kb7 54. Kd6 Kb6 55. b5 Kb7 56. Nc4 Kb8 57. Kc6 Ka7 58. Ne5 Ka8 59. b6 Kb8 60. Nd7+ 1-0

[Event "Oslo Sveins op 6th"]
[Site "Oslo"]
[Date "2013.06.21"]
[Round "8"]
[White "Omtvedt, Per"]
[Black "Rodvik, Trym Daniel"]
[Result "1/2-1/2"]
[WhiteElo "2051"]
[BlackElo "1891"]
[PlyCount "49"]
[EventDate "2013.06.21"]
[EventType "swiss"]
[EventRounds "9"]
[EventCountry "NOR"]
[SourceTitle "CBM 155 Extra"]
[Source "ChessBase"]
[SourceDate "2013.08.26"]
[SourceVersion "1"]
[SourceVersionDate "2013.08.26"]
[SourceQuality "1"]

1. e4 c5 2. Nc3 d6 3. g3 Nf6 4. Bg2 g6 5. d3 Nc6 6. Nge2 Bg7 7. 0-0 Rb8 8. h3 Bd7 9. Be3 b5 10. Qd2 h5 11. f3 Qc8 12. Kh2 Be6 13. Nf4 Bd7 14. Nce2 e5 15. Nd5 Nxd5 16. exd5 Nd4 17. c3 Nf5 18. Bf2 0-0 19. d4 cxd4 20. cxd4 exd4 21. Nxd4 Qb7 22. f4 Rbc8 23. Rac1 Nxd4 24. Bxd4 Bxd4 25. Qxd4 1/2-1/2

[Event "Leiden LCT op-A 6th"]
[Site "Leiden"]
[Date "2012.07.08"]
[Round "3"]
[White "Rodvik, Trym Daniel"]
[Black "Admiraal, Miguoel"]
[Result "0-1"]
[WhiteElo "1920"]
[BlackElo "2286"]
[PlyCount "52"]
[EventDate "2012.07.06"]
[EventType "swiss"]
[EventRounds "9"]
[EventCountry "NED"]
[SourceTitle "CBM 149 Extra"]
[Source "ChessBase"]
[SourceDate "2012.08.24"]
[SourceVersion "1"]
[SourceVersionDate "2012.08.24"]
[SourceQuality "1"]

1. e4 c5 2. Nf3 e6 3. d4 cxd4 4. Nxd4 Nc6 5. Nc3 Qc7 6. Be3 a6 7. Bd3 Nf6 8. 0-0 Ne5 9. h3 Bc5 10. Qe1 Ng6 11. Kh1 d6 12. f4 Bd7 13. f5 Ne5 14. Qg3 0-0 15. Bh6 Nh5 16. Qg5 Bxd4 17. Qxh5 gxh6 18. f6 Kh8 19. Qxh6 Rg8 20. Rf4 Be3 21. Raf1 Rg6 22. Qh5 Bxf4 23. Rxf4 Qd8 24. Qh4 Bb5 25. Be2 Bxe2 26. Nxe2 Nd7 0-1

[Event "Oslo Sveins op 5th"]
[Site "Oslo"]
[Date "2012.06.22"]
[Round "4"]
[White "Bue, Gunnar"]
[Black "Rodvik, Trym Daniel"]
[Result "0-1"]
[WhiteElo "1693"]
[BlackElo "1926"]
[PlyCount "64"]
[EventDate "2012.06.22"]
[EventType "swiss"]
[EventRounds "9"]
[EventCountry "NOR"]
[SourceTitle "CBM 149 Extra"]
[Source "ChessBase"]
[SourceDate "2012.08.24"]
[SourceVersion "1"]
[SourceVersionDate "2012.08.24"]
[SourceQuality "1"]

1. d4 Nf6 2. c4 g6 3. Nc3 Bg7 4. e4 0-0 5. f3 d6 6. Be3 Nc6 7. Nge2 a6 8. Qd2 Rb8 9. g4 e5 10. d5 Na5 11. Ng3 b5 12. cxb5 axb5 13. Bxb5 Bd7 14. b4 Bxb5 15. bxa5 Ba6 16. Kf2 c6 17. Bb6 Rxb6 18. axb6 Qxb6+ 19. Kg2 cxd5 20. Rab1 Qa5 21. Rhd1 d4 22. Nd5 Qxd2+ 23. Rxd2 Nxd5 24. exd5 Bc4 25. a4 Bh6 26. Rdb2 Bxd5 27. Rb8 d3 28. Rxf8+ Kxf8 29. Ne4 f5 30. g5 fxe4 31. gxh6 e3 32. a5 d2 0-1

[Event "Oslo Sveins op 5th"]
[Site "Oslo"]
[Date "2012.06.22"]
[Round "3"]
[White "Rodvik, Trym Daniel"]
[Black "Edakina, Maria"]
[Result "0-1"]
[WhiteElo "1926"]
[BlackElo "1628"]
[PlyCount "80"]
[EventDate "2012.06.22"]
[EventType "swiss"]
[EventRounds "9"]
[EventCountry "NOR"]
[SourceTitle "CBM 149 Extra"]
[Source "ChessBase"]
[SourceDate "2012.08.24"]
[SourceVersion "1"]
[SourceVersionDate "2012.08.24"]
[SourceQuality "1"]

1. e4 e5 2. Nf3 Nf6 3. Nxe5 d6 4. Nf3 Nxe4 5. Nc3 Nxc3 6. dxc3 Be7 7. Bf4 Nc6 8. Bd3 Be6 9. Qd2 Qd7 10. 0-0-0 0-0-0 11. Ng5 Ne5 12. Be2 Qa4 13. a3 Nc4 14. Qd3 Qb5 15. b3 Bxg5 16. g3 Qa5 17. bxc4 Bxf4+ 18. gxf4 d5 19. Kb2 dxc4 20. Qe3 Rhe8 21. Rxd8+ Rxd8 22. Rd1 Rxd1 23. Bxd1 Qb6+ 24. Kc1 Qxe3+ 25. fxe3 Bd5 26. Bg4+ Kd8 27. Kd2 Ke7 28. Ke2 Kd6 29. Bf3 Bxf3+ 30. Kxf3 f5 31. e4 fxe4+ 32. Kxe4 b5 33. h4 c5 34. h5 g6 35. h6 Ke6 36. Kf3 Kf5 37. Ke3 a5 38. Kf3 b4 39. cxb4 cxb4 40. axb4 axb4 0-1

[Event "Hamar op A"]
[Site "Hamar"]
[Date "2011.09.15"]
[Round "2"]
[White "Rodvik, Trym Daniel"]
[Black "Brobakken, Geir"]
[Result "1/2-1/2"]
[WhiteElo "1941"]
[BlackElo "1722"]
[PlyCount "177"]
[EventDate "2011.09.01"]
[EventType "swiss"]
[EventRounds "7"]
[EventCountry "NOR"]
[SourceTitle "EXT 2024"]
[Source "ChessBase"]
[SourceDate "2023.10.10"]
[SourceVersion "1"]
[SourceVersionDate "2023.10.10"]
[SourceQuality "1"]

1. e4 c6 2. d4 d5 3. e5 Bf5 4. h4 h5 5. Bg5 Qb6 6. Bd3 Bxd3 7. Qxd3 e6 8. Nf3 Qa6 9. Qxa6 Nxa6 10. 0-0 c5 11. c3 Rc8 12. b3 Nh6 13. Nbd2 Nf5 14. Rac1 cxd4 15. cxd4 Rc6 16. Rxc6 bxc6 17. Rc1 Kd7 18. Nf1 Ba3 19. Rc2 Rc8 20. Ne3 Nxe3 21. fxe3 c5 22. Rf2 c4 23. bxc4 dxc4 24. Ne1 Ke8 25. e4 Rb8 26. Rc2 Rb1 27. Bd2 Bb4 28. Kf2 Bxd2 29. Rxd2 Nb4 30. a3 c3 31. Re2 Nc6 32. Nc2 Rd1 33. Re1 Rd2+ 34. Re2 Nxd4 35. Nxd4 Rxd4 36. Ke3 Ra4 37. Ra2 g6 38. Kd3 c2 39. Rxc2 Rxa3+ 40. Ke2 a5 41. Rc7 Rg3 42. Kf2 Ra3 43. Ra7 a4 44. Ra8+ Ke7 45. Ra7+ Kf8 46. Ra8+ Kg7 47. Ra7 Ra1 48. Kg3 a3 49. Kf2 a2 50. Kg3 Re1 51. Rxa2 Rxe4 52. Ra5 Rg4+ 53. Kh3 g5 54. g3 gxh4 55. gxh4 Kg6 56. Rb5 Re4 57. Ra5 Rf4 58. Ra3 Kf5 59. Ra5 Rf3+ 60. Kg2 Rd3 61. Ra8 Kg6 62. Rg8+ Kh6 63. Rg5 Rd4 64. Kh3 Rd3+ 65. Kg2 Re3 66. Kh2 Rf3 67. Kg2 Rf4 68. Kg3 Rf1 69. Kg2 Ra1 70. Kg3 Ra3+ 71. Kg2 Ra1 72. Kh2 Rf1 73. Kg2 Rc1 74. Kh2 Rc8 75. Kg3 Rh8 76. Kf3 Rd8 77. Kg3 Rd1 78. Kg2 Re1 79. Kh2 Rf1 80. Kg2 Rb1 81. Kh2 Rb8 82. Kg3 Rf8 83. Kf4 Rb8 84. Kg3 Rb4 85. Kh3 f6 86. exf6 Rf4 87. Re5 Rxf6 88. Kg3 Kg6 89. Rg5+ 1/2-1/2

[Event "Oslo Sveins op 4th"]
[Site "Oslo"]
[Date "2011.06.24"]
[Round "7"]
[White "Omtvedt, Per"]
[Black "Rodvik, Trym Daniel"]
[Result "1/2-1/2"]
[WhiteElo "2088"]
[BlackElo "1843"]
[PlyCount "41"]
[EventDate "2011.06.24"]
[EventType "swiss"]
[EventRounds "9"]
[EventCountry "NOR"]
[SourceTitle "CBM 143 Extra"]
[Source "ChessBase"]
[SourceDate "2011.08.29"]
[SourceVersion "1"]
[SourceVersionDate "2011.08.29"]
[SourceQuality "1"]

1. e4 e5 2. Nf3 Nc6 3. Bb5 a6 4. Ba4 Nf6 5. 0-0 b5 6. Bb3 Bb7 7. Re1 Bc5 8. c3 d6 9. d4 Bb6 10. h3 0-0 11. a4 Re8 12. d5 Ne7 13. axb5 axb5 14. Rxa8 Qxa8 15. Na3 Qa7 16. Be3 Bxe3 17. Rxe3 Qb6 18. Nc2 c6 19. dxc6 Qxc6 20. Nb4 Qb6 21. Qd3 1/2-1/2

[Event "Fagernes Norsk op-A"]
[Site "Fagernes"]
[Date "2011.04.17"]
[Round "2"]
[White "Rodvik, Trym Daniel"]
[Black "Getz, Nicolai"]
[Result "0-1"]
[WhiteElo "1782"]
[BlackElo "2333"]
[PlyCount "94"]
[EventDate "2011.04.17"]
[EventType "swiss"]
[EventRounds "9"]
[EventCountry "NOR"]
[SourceTitle "CBM 141 Extra"]
[Source "ChessBase"]
[SourceDate "2011.05.03"]
[SourceVersion "1"]
[SourceVersionDate "2011.05.03"]
[SourceQuality "1"]

1. e4 c5 2. Nf3 Nc6 3. d4 cxd4 4. Nxd4 Nf6 5. Nc3 d6 6. Bg5 e6 7. Qd2 a6 8. f3 h6 9. Be3 Bd7 10. g4 b5 11. Nxc6 Bxc6 12. 0-0-0 Rc8 13. Bd3 Nd7 14. f4 Nc5 15. Kb1 Qc7 16. Bxc5 dxc5 17. Qe3 Be7 18. Rhe1 c4 19. Bf1 0-0 20. e5 b4 21. Ne4 Bd5 22. g5 hxg5 23. Nxg5 b3 24. cxb3 cxb3 25. Bd3 bxa2+ 26. Ka1 Bxg5 27. fxg5 Rb8 28. g6 Qb6 29. gxf7+ Rxf7 30. Qxb6 Rxb6 31. Be4 Bxe4 32. Rd8+ Kh7 33. Rxe4 Rf2 34. Rh4+ Kg6 35. Kxa2 Rfxb2+ 36. Ka3 Rb1 37. Ka2 R1b5 38. Ka3 Rxe5 39. Rd7 Ra5+ 40. Ra4 Rxa4+ 41. Kxa4 e5 42. Ka5 Re6 43. Kb4 e4 44. Rd2 e3 45. Re2 Kf5 46. Kc3 Ke4 47. Kc2 Kf3 0-1

[Event "Hamar op A"]
[Site "Hamar"]
[Date "2010.11.18"]
[Round "6"]
[White "Rodvik, Trym Daniel"]
[Black "Brobakken, Geir"]
[Result "1-0"]
[WhiteElo "1675"]
[BlackElo "1728"]
[PlyCount "38"]
[EventDate "2010.09.09"]
[EventType "swiss"]
[EventRounds "7"]
[EventCountry "NOR"]
[SourceTitle "EXT 2024"]
[Source "ChessBase"]
[SourceDate "2023.10.10"]
[SourceVersion "1"]
[SourceVersionDate "2023.10.10"]
[SourceQuality "1"]

1. d4 d5 2. Nf3 Nf6 3. Bf4 e6 4. e3 c5 5. c3 Nc6 6. Bd3 Be7 7. 0-0 0-0 8. Ne5 Qb6 9. Qc2 c4 10. Be2 Qa5 11. Nd2 Nxe5 12. dxe5 Ne8 13. b4 Qd8 14. Rfd1 f5 15. exf6 Bxf6 16. Nxc4 Qe7 17. Ne5 Nd6 18. Bd3 g5 19. Bg3 h5 1-0

[Event "Politiken Cup 32nd"]
[Site "Copenhagen"]
[Date "2010.08.03"]
[Round "5"]
[White "Christiansen, Jens Jorgen"]
[Black "Rodvik, Trym Daniel"]
[Result "1-0"]
[WhiteElo "2156"]
[BlackElo "1750"]
[PlyCount "75"]
[EventDate "2010.07.31"]
[EventType "swiss"]
[EventRounds "10"]
[EventCountry "DEN"]
[SourceTitle "CBM 137 Extra"]
[Source "ChessBase"]
[SourceDate "2010.09.01"]
[SourceVersion "1"]
[SourceVersionDate "2010.09.01"]
[SourceQuality "1"]

1. d4 Nf6 2. Nf3 e6 3. g3 b6 4. Bg2 Bb7 5. 0-0 c5 6. e3 Be7 7. c4 d6 8. Nc3 cxd4 9. exd4 0-0 10. Qe2 Qc7 11. b3 Nbd7 12. Bb2 a6 13. Rac1 Rac8 14. Rfd1 Rfd8 15. h3 Nf8 16. Qe3 Ng6 17. d5 e5 18. Na4 Nd7 19. b4 Rf8 20. h4 h5 21. Bh3 f5 22. Ng5 Bxg5 23. Qxg5 Rf6 24. Bxf5 Ngf8 25. Nc3 Qxc4 26. Ne4 Rxf5 27. Qxf5 Qe2 28. Nxd6 Rxc1 29. Rxc1 Qxb2 30. Qf7+ Kh8 31. Rc7 Ba8 32. Rc8 Qxb4 33. Qxh5+ Kg8 34. Qf7+ Kh7 35. Nf5 Qe1+ 36. Kg2 Qe4+ 37. Kh2 Ne6 38. Qh5# 1-0

[Event "Politiken Cup 32nd"]
[Site "Copenhagen"]
[Date "2010.08.01"]
[Round "3"]
[White "Munk, Poul N"]
[Black "Rodvik, Trym Daniel"]
[Result "1-0"]
[WhiteElo "1959"]
[BlackElo "1750"]
[PlyCount "47"]
[EventDate "2010.07.31"]
[EventType "swiss"]
[EventRounds "10"]
[EventCountry "DEN"]
[SourceTitle "CBM 137 Extra"]
[Source "ChessBase"]
[SourceDate "2010.09.01"]
[SourceVersion "1"]
[SourceVersionDate "2010.09.01"]
[SourceQuality "1"]

1. c4 Nf6 2. Nc3 e6 3. e4 d5 4. e5 Ne4 5. Nxe4 dxe4 6. d4 exd3 7. Qxd3 Qxd3 8. Bxd3 Bd7 9. Bd2 Bc6 10. f3 Nd7 11. Bc3 a5 12. a3 a4 13. Nh3 Bc5 14. Nf2 0-0 15. 0-0 Rfd8 16. Rfd1 Bb6 17. Kf1 Nc5 18. Be2 Nb3 19. Rxd8+ Rxd8 20. Rd1 Rxd1+ 21. Bxd1 h6 22. Nd3 Na5 23. c5 Bb5 24. Be2 1-0

[Event "Politiken Cup 32nd"]
[Site "Copenhagen"]
[Date "2010.08.01"]
[Round "2"]
[White "Rodvik, Trym Daniel"]
[Black "Andersen, Morten"]
[Result "0-1"]
[WhiteElo "1750"]
[BlackElo "2179"]
[PlyCount "70"]
[EventDate "2010.07.31"]
[EventType "swiss"]
[EventRounds "10"]
[EventCountry "DEN"]
[SourceTitle "CBM 137 Extra"]
[Source "ChessBase"]
[SourceDate "2010.09.01"]
[SourceVersion "1"]
[SourceVersionDate "2010.09.01"]
[SourceQuality "1"]

1. d4 Nf6 2. Nf3 g6 3. Bf4 Bg7 4. e3 c5 5. Be2 0-0 6. h3 d5 7. 0-0 Ne4 8. c4 cxd4 9. exd4 dxc4 10. Bxc4 Nc6 11. Be3 Nd6 12. Qe2 Nxc4 13. Qxc4 Be6 14. Qa4 Bd5 15. Nbd2 Qd7 16. Rfd1 Rfd8 17. Ne1 Nxd4 18. Qxd7 Rxd7 19. Ndf3 Nxf3+ 20. Nxf3 Bxb2 21. Rab1 Bf6 22. Rd2 b6 23. Rc1 Rad8 24. Nh2 h5 25. Nf1 Kg7 26. Bf4 Be6 27. Rxd7 Rxd7 28. Ne3 Bxa2 29. Rc8 Rb7 30. Nc2 a5 31. Ra8 Be6 32. Bd2 Rc7 33. Na3 Rd7 34. Be3 Be5 35. g3 Rd1+ 0-1

[Event "Politiken Cup 32nd"]
[Site "Copenhagen"]
[Date "2010.07.31"]
[Round "1"]
[White "Brondum, Eric"]
[Black "Rodvik, Trym Daniel"]
[Result "1/2-1/2"]
[WhiteElo "2145"]
[BlackElo "1750"]
[PlyCount "66"]
[EventDate "2010.07.31"]
[EventType "swiss"]
[EventRounds "10"]
[EventCountry "DEN"]
[SourceTitle "CBM 137 Extra"]
[Source "ChessBase"]
[SourceDate "2010.09.01"]
[SourceVersion "1"]
[SourceVersionDate "2010.09.01"]
[SourceQuality "1"]

1. d4 Nf6 2. c4 e6 3. Nf3 b6 4. g3 Bb7 5. Bg2 d5 6. cxd5 exd5 7. 0-0 Bd6 8. Nc3 0-0 9. Nb5 Re8 10. Nxd6 Qxd6 11. Bf4 Qe7 12. Rc1 c5 13. dxc5 bxc5 14. Re1 Nbd7 15. a3 Rac8 16. Qa4 Nb6 17. Qc2 d4 18. Bg5 Be4 19. Qd2 h6 20. Bxf6 Qxf6 21. b4 cxb4 22. Rxc8 Rxc8 23. Qxb4 Bxf3 24. Bxf3 d3 25. Bb7 Rc2 26. Ba6 d2 27. Rd1 Qb2 28. Qe7 g6 29. Kg2 Qc1 30. Qe8+ Kg7 31. Qe5+ Kh7 32. Qf4 f5 33. Qd6 Qxd1 1/2-1/2